00342nam a22001217a 450000500170000000800410001704100080005808200080006610000610007424500480013526000290018330000080021220240809163131.0240809b |||||||| |||| 00| 0 eng d aeng bKUL aKulkarni Mukta - 2K221180 & Prof. Ranjana Gogate - Guide aCreditors Management at KPT Industries Ltd. aPune bSPPU cMarch-2024 a68p